525 yılın son 25 yılı (Record no. 6506)

MARC details
000 -BAŞLIK
Sabit Uzunlukta Kontrol Alanı 00905na a2200289 4500
001 - KONTROL NUMARASI
Denetim Alanı 19566
003 - KONTROL NUMARASI IDENTIFIER
Denetim Alanı MIRAKIL
005 - SON İŞLEM TARİHİ VE ZAMANI
Denetim Alanı 20181213155109.0
008 - SABİT-BOY VERİ ELEMANLARI - GENEL BİLGİLER
Sabit Uzunlukta Kontrol Alanı 161219b tu 000 0
020 ## - ULUSLARARASI STANDART KİTAP NUMARASI
Uluslararası Standart Kitap Numarası 9944593303
040 ## - KATALOGLAMA KAYNAK
Orijinal Kataloglama Ajansı Milas
Kataloglama Dili tur
Metne Dönüştürmek Ajansı TR-AnCHP
041 ## - DİL KODU
Metin / Ses Parça Veya Ayrı Başlığın Dil Kodu tur
082 ## - DEWEY ONLU SINIFLANDIRMA NUMARASI
Sınıflandırma Numarası 370.06
Ürün Numarası Ç24b 2006
090 ## - SINIFLAMA NUMARASI
Sınıflama Numarası 370.06 G24b 2006
110 ## - ANA GİRİŞ - KURUMSAL ADI
Giriş Elemanı Olarak Kurumsal Ad Veya Yargı Alanı Adı Galatasaray Eğitim Vakfı
245 ## - BAŞLIK TABLOSU
Başlık 525 yılın son 25 yılı
Başlığın Kalan Galatasaray Eğitim Vakfı
Sorumluluk Tablosu, Vb İzzettin Çalışlar, İpet Altınay
260 ## - YAYIN, DAĞITIM, VB
Yayın, Dağıtım, Vb Yeri İstanbul
Yayıncı, Dağıtıcı, Vs Adı Galatasaray Eğitim Vakfı
Yayın, Dağıtım, Vb Tarihi 2006
300 ## - FİZİKSEL TANIM
Kapsam 318 s.
Diğer Fiziksel Ayrıntıları fotğ.; tbl.
Boyutlar 30 sm.
504 ## - KAYNAKÇA VB NOT
Kaynakça Vb Notu Dizin var.
610 ## - KONU KATMA GİRİŞ - TOPLANTI ADI
Giriş Elemanı Olarak Kurumsal Ad Veya Yargı Alanı Adı Galatasaray Üniversitesi
610 ## - KONU KATMA GİRİŞ - TOPLANTI ADI
Giriş Elemanı Olarak Kurumsal Ad Veya Yargı Alanı Adı Galatasaray Lisesi
610 ## - KONU KATMA GİRİŞ - TOPLANTI ADI
Giriş Elemanı Olarak Kurumsal Ad Veya Yargı Alanı Adı Galatasaray Eğitim Vakfı
Genel Alt Bölüm Tarih
650 ## - KONU KATMA GİRİŞ - TOPİKAL DÖNEM
Topikal Süreli Veya Coğrafi Ad Giriş Elemanı Eğitim
Genel Alt Bölümü Vakıf okulları
Kronolojik Alt Bölümü Galatasaray Lisesi
Coğrafi Alt Bölümü İstanbul
700 ## - KATMA GİRİŞ - KİŞİSEL İSİM
Kişisel Ad Altınay, İpet
700 ## - KATMA GİRİŞ - KİŞİSEL İSİM
Kişisel Ad Çalışlar, İzzettin
942 ## - EKLENDİ GİRİŞ ELEMANLARI (KOHA)
Sınıflandırma Veya Raf Düzeni Kaynak Dewey Decimal Classification
Koha Öğesi Türü Books
999 ## - SİSTEM KONTROL NUMARALARI (KOHA)
Koha Biblionumber 6506
Koha Biblioitemnumber 6506
Holdings
Kalıcı Konum Mevcut Konum Edinme Tarihi Edinim Kaynak Toplam Check-Out'Lar Tam Çağrı Numarası Barkod Tarih Son Görülme İtibaren Geçerli Fiyatlar Koha Öğesi Türü
CHP Kütüphanesi CHP Kütüphanesi 12/19/2016 Bağış   370.06 G24b 2006 011624 12/19/2016 12/19/2016 Books